000 00279nam a2200109Ia 4500
008 200302s9999 xx 000 0 und d
100 _aLiliane Wong
245 _aAdaptive Reuse extending the lives of Buildings
260 _bBirkhauser Verlag Gmbh
260 _c2017
300 _a256
999 _c6169
_d6169